000 02148nam a22004213i 4500
001 EBC30750742
003 MiAaPQ
005 20260417122334.0
007 cr cnu||||||||
008 260416s2024 xx o ||||0 eng d
020 _a9781472858252
_q(electronic bk.)
020 _z9781472858221
040 _aMiAaPQ
_beng
_cMiAaPQ
100 1 _aGaleotti, Mark.
_9910
245 1 0 _aRussia's Wars in Chechnya
_b1994-2009
250 _a1st ed.
264 1 _aLondon :
_bBloomsbury Publishing Plc,
_c2024.
264 4 _c©2024.
300 _a1 online resource (145 pages)
336 _aText
_btxt
_2rdacontent
337 _aComputermedien
_bc
_2rdamedia
338 _aOnline Resource
_bcr
_2rdacarrier
490 0 _aEssential Histories Series
500 _aE-Book-ProQuest / Fernzugriff nach Registrierung möglich
505 0 _aCover -- Contents -- Introduction -- Background to war -- Home of the wolf -- Warring sides -- Soldiers versus fighters -- Outbreak -- Flashpoint: 1994 -- The fighting -- Two wars -- The world around war -- The world looks on in horror -- How the war ended -- The end of the 'counterterrorist operation' -- Conclusion and consequences -- One war over, others just beginning -- Chronology -- Further reading -- Index -- Imprint.
520 _aWritten by a leading expert on modern Russia, this is an illustrated introduction to the bitter campaigns in Chechnya.In this new edition of his popular 2014 work, Mark Galeotti traces the progress of the wars in Chechnya, from the initial Russian advance through to urban battles such as Grozny, and the prolonged guerrilla warfare.
648 _a1994-2009
_969071
650 0 _aTschetschenienkriege
_91527
653 _aTerrorism.
653 _aGuerrilla warfare.
655 _aFernzugriff
_9230
655 4 _aElectronic books.
776 0 8 _iPrint version:
_aGaleotti, Mark
_tRussia's Wars in Chechnya
_dLondon : Bloomsbury Publishing Plc,c2024
_z9781472858221
856 4 0 _uhttps://ebookcentral.proquest.com/lib/maxweberstiftung-ebooks/detail.action?docID=30750742
_zVolltext
942 _cEB
_2z
999 _c74085
_d74085